| 000 | 00861cam a2200277 i 4500 | ||
|---|---|---|---|
| 999 |
_c1596 _d1596 |
||
| 001 | 2270685 | ||
| 003 | OSt | ||
| 005 | 20210629070210.0 | ||
| 008 | 790119s1978 enk b 000 0 eng | ||
| 010 | _a 78321841 | ||
| 015 | _aGB*** | ||
| 020 |
_a0713126485 : _a0713126493 |
||
| 040 |
_aDLC _cDLC _dDLC |
||
| 050 | 0 | 0 |
_aQP141 _b.T37 1978 |
| 082 | 0 | 0 | _a612.3 |
| 100 | 1 |
_aTaylor, T. Geoffrey _q(Thomas Geoffrey), _d1918- |
|
| 245 | 1 | 0 |
_aPrinciples of human nutrition / _cT. Geoffrey Taylor. |
| 260 |
_aLondon : _bArnold, _c1978. |
||
| 300 |
_av, 63, [3] p. : _bgraphs ; _c23 cm. |
||
| 490 | 1 | _aThe Institute of Biology's studies in biology ; no. 94 | |
| 504 | _aBibliography: p. [66] | ||
| 650 | 0 | _aNutrition. | |
| 830 | 0 |
_aInstitute of Biology's studies in biology ; _vno. 94. |
|
| 906 |
_a7 _bcbc _corignew _d4 _encip _f19 _gy-gencatlg |
||
| 942 |
_2lcc _cBK _nSO |
||